000 01066nam a2200325 i 4500
001 000014119
003 DO-SdBNP
005 20260321073639.0
007 ta
008 091204s2009 dr 000 f spa d
020 _a9789945406924
040 _aDO-SdBNP
_bspa
_cBNPHU
_erda
082 1 _aRD863.44
_bB742m, 2009
_222
100 1 _a Bosch, Juan,
_d1909-2001
_eautor
_976555
245 1 3 _aLa mañosa :
_bnovela /
_cJuan Bosch ; editor, Tomás Castro Burdiez
250 _aedición revisada
264 1 _aSanto Domingo :
_bComisión Nacional Centenario Juan Bosch :
_bFundación Juan Bosch,
_c2009.
300 _a210 páginas ;
_c23 cm.
336 _2rdacontent
_atexto
_btxt
337 _2rdamedia
_asin mediación
_bn
338 _2rdacarrier
_avolumen
_bnc
490 _aCentenario
490 _aLiteratura ;
_v4
590 _aInventariado, 2020 / DG
650 0 _aNovela dominicana
_9223
650 0 _aLiteratura dominicana.
_967
700 _aCastro, Tomás,
_d1959-
_eeditor
_924641
910 _aValidado. Control de calidad MMOLINA
942 _2ddc
_cLBS1
999 _c13721
_d13721